000 01078nam0a2200301 i 4500
001 RU\NLR\BIBL_A\010721679
005 20241105211250.0
010 _a9785000520642
_94000
021 _aRU
_b2015-12557
_9760
035 _a(NILC)RuMoRGB-007878001
035 _a(NLR Aleph) 010721679
090 _a9823756
_c9823756
100 _a20150408d2015 um y0rusy50 ca
101 0 _arus
102 _aRU
105 _ay|||z|||000zy
200 1 _aПочаевская икона Пресвятой Богородицы
_eчудеса, акафист, канон, молитвы, информация для паломников
210 _aМосква
_cНеугасимая лампада
_d2015
215 _a63 с.
_d20
605 _aИкона Божией Матери Почаевская
_jАкафисты
_92430146
_3RU\NLR\AUTH\661446522
686 2 _aЭ372.24-507
801 0 _aRU
_bРГБ
_c20150302
_gRCR
801 1 _aRU
_bРГБ
_c20150302
_2rusmarc
942 _cBOOK
980 _aNBR